000 00847 a2200205 4500
999 _c9699
_d9699
022 _I00382396
050 0 0 _aKTL19.A35 SOU 2000
100 _aCorbett, M.M
_eHonorary consulting editor
110 _aSupreme Court of South Africa
245 0 4 _aSouth African law reports 2000(4)Dec :
_bDecisions of the Supreme Court of Appeal of South Africa, Constitutional court of South Africa, High court of South Africa, Labour court of South Africa /
_cM.M. Corbett and C.M.E. O'Regan
264 _aSouth Africa:
_bJuta and Company LTD
_c2000
300 _a354p.:
500 _aIncludes bibliographical references and index
650 0 _aLaw reports, digests, etc
650 7 _aTable of cases
650 7 _aCase annotations
651 7 _aSouth Africa.
700 1 _aO'Regan C.M.E.
_eHonarary consulting editor
942 _2lcc
_cSERIALS
_h19.A35
_iSOU
_kKTL